000 00560nam a2200169 i 4500
001 34814
003 ES-MaACL
007 t|
008 030211s1955 sp ||||1| spa d
100 1 _aBonner, James.
_930253
245 1 0 _aPrincipios de filosofía vegetal /
_cJames Bonner y Arthur W. Galston ; versión española de Federico Portillo.
260 _aMadrid :
_bAguilar,
_c1955 (
_fMontaña)
300 _aXVI, 485 p. :
_bil. ;
_c22 cm.
700 1 _aPortillo, Federico.
_993252
700 1 _aGalston, Arthur W.
_953673
852 _aES-MaACL
_jB-8730
_bR.37937
999 _c34814
_d34814